Statistics for Sub-Provinces of the Umayyad Caliphate in 725 AD with a Map

Click here to take the quiz!

General Stats

  • This quiz has been taken 931 times
  • The average score is 19 of 79

Answers on the Map

Answers color-coded by a green-red scale on the quiz's map according to % correct below.
 

Answer Stats

Kufahs% Correct
Oman
88%
Yemen
88%
Cyprus
83%
Alexandria
70%
Mada'in
68%
Armenia
67%
Jafr
66%
Azerbaijan
60%
Damascus
58%
Ray
56%
Palestine
54%
Hejaz
52%
Basra
50%
Galicia
46%
Gujarat
43%
Ifriqiyah
43%
Sindh
43%
Isfahan
41%
Jordan
38%
Samarkand
33%
Shiraz
33%
Maridah
30%
Barqah
29%
Herat
26%
Homs
25%
Bukhara
24%
Shash
24%
Merv
23%
Sus al-Adnah
20%
Sus al-Aqsah
20%
Tulaytulah
20%
Saraqustah
19%
Khwarazm
18%
Shush
18%
Sistan
18%
Arbunah
16%
Kufa
15%
Makran
15%
Multan
15%
Sa'id
15%
Balkh
14%
Batiqah
14%
Hamadan
14%
Nishapur
13%
Bam
12%
Farghana
12%
Hajar
12%
Samarra
12%
Arran
11%
Wasit
11%
Turan
10%
Ardeshir
9%
Darab
9%
Diyar Bakr
9%
Diyar Mudar
9%
Istakhr
9%
Jiroft
9%
Shapur
9%
Shushtar
9%
Sirjan
9%
Arrajan
8%
Bardsir
8%
Bost
8%
Diyar Rabi'a
8%
Guzgan
8%
Hof
8%
Hulwan
8%
Isfijab
8%
Narmashir
8%
Qinnasrin
8%
Quhistan
8%
Askar
7%
Dowraq
7%
Gundishapur
7%
Ramhormoz
7%
Rif
7%
Ushrusana
7%
Maqaduniyah
5%
Marmarica
5%

Score Distribution

Percentile by Number Answered

Percent of People with Each Score

Your Score History

You have not taken this quiz